Prof. G Ram Reddy Library

Understanding Solid State Physics (Record no. 120723)

MARC details
000 -LEADER
fixed length control field 00576nam a2200193Ia 4500
003 - CONTROL NUMBER IDENTIFIER
control field LDD
008 - FIXED-LENGTH DATA ELEMENTS--GENERAL INFORMATION
fixed length control field 181029s9999 xx 000 0 und d
020 ## - INTERNATIONAL STANDARD BOOK NUMBER
International Standard Book Number 9789814267892
Terms of availability P 63.99
040 ## - CATALOGING SOURCE
Transcribing agency LDD
100 ## - MAIN ENTRY--PERSONAL NAME
Personal name Cazaux, Jacques
245 #0 - TITLE STATEMENT
Title Understanding Solid State Physics
Remainder of title problems and solutions
Statement of responsibility, etc. Jacques Cazaux
260 ## - PUBLICATION, DISTRIBUTION, ETC.
Place of publication, distribution, etc. Singapore
Name of publisher, distributor, etc. Pan Stanford
Date of publication, distribution, etc. 2016
300 ## - PHYSICAL DESCRIPTION
Extent xvii, 646p
365 ## - TRADE PRICE
Price amount P 63.99
901 ## - LOCAL DATA ELEMENT A, LDA (RLIN)
a 15116
b 27-01-2017
902 ## - LOCAL DATA ELEMENT B, LDB (RLIN)
a 4010
b 08-02-2017
c F
d ATB
e 53
903 ## - LOCAL DATA ELEMENT C, LDC (RLIN)
a Discount-20
b Reqst by : SbubhalaxmiLamba
942 ## - ADDED ENTRY ELEMENTS (KOHA)
Source of classification or shelving scheme Dewey Decimal Classification
Koha item type Books
Holdings
Withdrawn status Lost status Source of classification or shelving scheme Damaged status Not for loan Home library Current library Total Checkouts Full call number Barcode Date last seen Cost, replacement price Price effective from Koha item type
No   Dewey Decimal Classification     Library and Documentation Division Library and Documentation Division   530.41 C318U 104070 11/01/2018 5385.39 11/01/2018 Books

© Prof. G Ram Reddy Centre Library, Indira Gandhi National Open University, Maidan Garhi, New Delhi, 110068
+91-011-29532797 | FAX+91-011-29533393 |